[Event "Berdsk Maestro op 14th"]
[Site "Berdsk"]
[Date "2008.07.14"]
[Round "7"]
[White "Pushilin, Artem"]
[Black "Degterev, Alexander"]
[Result "1-0"]
[WhiteElo "2169"]
[BlackElo "2333"]
[PlyCount "59"]
[EventDate "2008.07.08"]
[EventType "swiss"]
[EventRounds "9"]
[EventCountry "RUS"]
[SourceTitle "CBM 125 Extra"]
[Source "ChessBase"]
[SourceDate "2008.09.01"]
[SourceVersion "1"]
[SourceVersionDate "2008.09.01"]
[SourceQuality "1"]

1. d4 f5 2. Nf3 Nf6 3. Bf4 g6 4. e3 Bg7 5. c4 d6 6. h3 0-0 7. Nc3 Qe8 8. Bh2 c6 9. Be2 Nbd7 10. 0-0 e5 11. Rc1 e4 12. Nd2 Qe7 13. b4 b6 14. Qa4 Bb7 15. c5 Ne8 16. b5 cxb5 17. Bxb5 Ndf6 18. c6 Bc8 19. Nc4 Rb8 20. Qa3 Be6 21. Nxd6 Rd8 22. Nc4 Qxa3 23. Nxa3 Rc8 24. Ba6 Rxc6 25. Bb7 Rd6 26. Bxd6 Nxd6 27. Ba6 f4 28. exf4 Nh5 29. Ne2 Bxa2 30. Rc6 1-0

[Event "Berdsk Maestro op 14th"]
[Site "Berdsk"]
[Date "2008.07.13"]
[Round "6"]
[White "Degterev, Alexander"]
[Black "Loginov, Vladislav"]
[Result "1/2-1/2"]
[WhiteElo "2333"]
[BlackElo "2106"]
[PlyCount "69"]
[EventDate "2008.07.08"]
[EventType "swiss"]
[EventRounds "9"]
[EventCountry "RUS"]
[SourceTitle "CBM 125 Extra"]
[Source "ChessBase"]
[SourceDate "2008.09.01"]
[SourceVersion "1"]
[SourceVersionDate "2008.09.01"]
[SourceQuality "1"]

1. d4 Nf6 2. Nf3 c5 3. d5 b5 4. a4 b4 5. Bg5 d6 6. Bxf6 exf6 7. Nbd2 g6 8. Nc4 Nd7 9. e4 Ne5 10. Ncxe5 fxe5 11. Bb5+ Bd7 12. Nd2 Be7 13. Nc4 0-0 14. Bxd7 Qxd7 15. 0-0 f5 16. Qe2 Bd8 17. exf5 gxf5 18. f4 e4 19. g4 Bf6 20. Rae1 Bd4+ 21. Kh1 Rae8 22. gxf5 Kh8 23. Qg2 Rg8 24. Qh3 e3 25. Re2 Re7 26. c3 bxc3 27. bxc3 Qxa4 28. Nxd6 Qa6 29. cxd4 Qxd6 30. dxc5 Qxd5+ 31. Qf3 Qxc5 32. f6 Rf7 33. Qxe3 Qc6+ 34. Qe4 Qxf6 35. Qe5 1/2-1/2

[Event "Berdsk Maestro op 14th"]
[Site "Berdsk"]
[Date "2008.07.11"]
[Round "4"]
[White "Degterev, Alexander"]
[Black "Volontinas, Ivan Nikolaevich"]
[Result "1/2-1/2"]
[WhiteElo "2333"]
[BlackElo "2164"]
[PlyCount "55"]
[EventDate "2008.07.08"]
[EventType "swiss"]
[EventRounds "9"]
[EventCountry "RUS"]
[SourceTitle "CBM 125 Extra"]
[Source "ChessBase"]
[SourceDate "2008.09.01"]
[SourceVersion "1"]
[SourceVersionDate "2008.09.01"]
[SourceQuality "1"]

1. d4 Nf6 2. Nf3 e6 3. c4 b6 4. g3 Ba6 5. b3 Bb4+ 6. Bd2 Be7 7. Bg2 Bb7 8. 0-0 0-0 9. Nc3 d5 10. cxd5 exd5 11. Bf4 Re8 12. Rc1 Na6 13. Ne5 c6 14. Nd3 Nb4 15. Nxb4 Bxb4 16. Bg5 h6 17. Bxf6 Qxf6 18. e3 Bc8 19. Qh5 Be6 20. Rfd1 Rad8 21. Ne2 Bf5 22. Nf4 g6 23. Qe2 Ba3 24. Rc3 Bb4 25. Rcc1 Ba3 26. Rc3 Bb4 27. Rcc1 Ba3 28. Rc3 1/2-1/2

[Event "Berdsk Maestro op 14th"]
[Site "Berdsk"]
[Date "2008.07.08"]
[Round "1"]
[White "Nikolaev, Alexander"]
[Black "Degterev, Alexander"]
[Result "0-1"]
[WhiteElo "1976"]
[BlackElo "2333"]
[PlyCount "134"]
[EventDate "2008.07.08"]
[EventType "swiss"]
[EventRounds "9"]
[EventCountry "RUS"]
[SourceTitle "CBM 125 Extra"]
[Source "ChessBase"]
[SourceDate "2008.09.01"]
[SourceVersion "1"]
[SourceVersionDate "2008.09.01"]
[SourceQuality "1"]

1. c4 f5 2. Nf3 Nf6 3. d4 g6 4. g3 Bg7 5. Bg2 d6 6. 0-0 0-0 7. Nc3 Qe8 8. d5 Na6 9. Nd4 Bd7 10. Rb1 c6 11. a3 Rc8 12. h3 Nc5 13. Nb3 Nce4 14. Nxe4 Nxe4 15. Be3 c5 16. Nd2 Nxd2 17. Qxd2 b5 18. b3 Rb8 19. cxb5 Rxb5 20. b4 Qb8 21. Qa2 cxb4 22. Rxb4 Rxb4 23. axb4 Qxb4 24. Qxa7 Qa4 25. Qxa4 Bxa4 26. Rb1 Kf7 27. Rb7 Bf6 28. Bf3 Rc8 29. Kg2 Rc4 30. h4 Bc2 31. Bg5 Ba4 32. Bxf6 Kxf6 33. e3 Rc5 34. Rb4 Bb5 35. Rd4 Bc4 36. Kg1 Ke5 37. Bg2 Bxd5 38. Bxd5 Rxd5 39. Ra4 h6 40. f4+ Kf6 41. Kf2 Rd2+ 42. Kf3 e5 43. fxe5+ dxe5 44. Ra6+ Kf7 45. Ra7+ Ke6 46. Ra6+ Kd5 47. Ra5+ Ke6 48. Ra6+ Rd6 49. Ra2 e4+ 50. Ke2 Rb6 51. Rd2 Kf6 52. Kf2 g5 53. hxg5+ Kxg5 54. Kg2 Rb3 55. Kf2 Kg4 56. Ra2 Rb1 57. Kg2 Re1 58. Kf2 Rh1 59. Ra6 Rh2+ 60. Kg1 Re2 61. Rxh6 Kxg3 62. Rg6+ Kf3 63. Rg5 f4 64. exf4 Re1+ 65. Kh2 e3 66. Rg3+ Ke4 67. Kg2 Kd3 0-1

[Event "Berdsk Maestro op 13th"]
[Site "Berdsk"]
[Date "2007.07.08"]
[Round "1"]
[White "Degterev, Alexander"]
[Black "Kovalishin, Igor"]
[Result "1-0"]
[WhiteElo "2321"]
[BlackElo "1972"]
[PlyCount "44"]
[EventDate "2007.07.08"]
[EventType "swiss"]
[EventRounds "9"]
[EventCountry "RUS"]
[SourceTitle "EXT 2022"]
[Source "ChessBase"]
[SourceDate "2021.10.06"]
[SourceVersion "1"]
[SourceVersionDate "2021.10.06"]
[SourceQuality "1"]

1. d4 Nf6 2. Nf3 e6 3. c4 b6 4. g3 Ba6 5. b3 Bb4+ 6. Bd2 Be7 7. Bg2 d5 8. cxd5 exd5 9. 0-0 c5 10. Nc3 Nc6 11. Bf4 Ne4 12. Rc1 g5 13. Be3 g4 14. Ne5 Nxe5 15. dxe5 Bb7 16. Nxe4 dxe4 17. Rc4 Qc7 18. Bf4 Rd8 19. Qa1 0-0 20. e6 Bd6 21. Bh6 Be5 22. Qc1 Bg7 1-0

[Event "RUS-Cup01"]
[Site "Tomsk"]
[Date "2003.07.09"]
[Round "6"]
[White "Akselrod, Vladislav"]
[Black "Degterev, Alexander"]
[Result "1-0"]
[WhiteElo "2437"]
[BlackElo "2331"]
[PlyCount "39"]
[EventDate "2003.07.04"]
[EventType "swiss"]
[EventRounds "9"]
[EventCountry "RUS"]
[SourceTitle "CBM 095 Extra"]
[Source "ChessBase"]
[SourceDate "2003.09.04"]
[SourceVersion "1"]
[SourceVersionDate "2003.09.04"]
[SourceQuality "1"]

1. d4 f5 2. g3 Nf6 3. Bg2 g6 4. Nc3 Bg7 5. Bg5 d6 6. Qd2 Nc6 7. Bxf6 Bxf6 8. Nf3 e6 9. e4 Bd7 10. exf5 exf5 11. Nd5 0-0 12. 0-0-0 Bg7 13. h4 Ne7 14. Ng5 c6 15. Nf4 Bh6 16. Qb4 Bxg5 17. hxg5 Qc7 18. Qc4+ Kg7 19. d5 Rf7 20. Ne6+ 1-0

[Event "Capital of Sibiria op"]
[Site "Novosibirsk"]
[Date "2002.07.27"]
[Round "9"]
[White "Eltsov, Roman"]
[Black "Degterev, Alexander"]
[Result "1-0"]
[WhiteElo "2242"]
[BlackElo "2316"]
[PlyCount "100"]
[EventDate "2002.07.19"]
[EventType "swiss"]
[EventRounds "9"]
[EventCountry "RUS"]
[SourceTitle "CBM 089 Extra"]
[Source "ChessBase"]
[SourceDate "2002.09.10"]
[SourceVersion "2"]
[SourceVersionDate "2002.09.10"]
[SourceQuality "1"]

1. d4 f5 2. g3 Nf6 3. Bg2 g6 4. c4 Bg7 5. Nh3 d6 6. d5 c6 7. 0-0 0-0 8. Nc3 e5 9. dxe6 Bxe6 10. b3 Ne8 11. Bb2 Na6 12. Qd2 Nc5 13. Ng5 Qe7 14. Rfe1 h6 15. Nxe6 Nxe6 16. Rad1 f4 17. Ne4 Bxb2 18. Qxb2 Rd8 19. Rd3 Ng5 20. Qd4 a6 21. Red1 Nxe4 22. Bxe4 g5 23. Rf3 Ng7 24. Bd3 Qe5 25. Qe4 Qxe4 26. Bxe4 Rde8 27. Bd3 Rf6 28. g4 h5 29. h3 hxg4 30. hxg4 Rh6 31. Kg2 Rh4 32. Rh3 Rxh3 33. Kxh3 Re6 34. Kg2 Rh6 35. Be4 Kf7 36. b4 Ke6 37. b5 axb5 38. cxb5 d5 39. Bf3 Rh8 40. a4 Ra8 41. Rh1 Kd6 42. Rh7 Ne6 43. Rxb7 c5 44. Rf7 Rxa4 45. Rf5 d4 46. b6 Rb4 47. b7 c4 48. Rd5+ Kc7 49. Ra5 c3 50. Ra8 Kd6 1-0

[Event "Capital of Sibiria op"]
[Site "Novosibirsk"]
[Date "2002.07.21"]
[Round "3"]
[White "Degterev, Alexander"]
[Black "Kazakov, Peter"]
[Result "0-1"]
[WhiteElo "2316"]
[BlackElo "2424"]
[PlyCount "82"]
[EventDate "2002.07.19"]
[EventType "swiss"]
[EventRounds "9"]
[EventCountry "RUS"]
[SourceTitle "CBM 089 Extra"]
[Source "ChessBase"]
[SourceDate "2002.09.10"]
[SourceVersion "2"]
[SourceVersionDate "2002.09.10"]
[SourceQuality "1"]

1. d4 e6 2. c4 f5 3. Nf3 Nf6 4. g3 c6 5. Bg2 d5 6. 0-0 Bd6 7. b3 Qe7 8. Qc2 0-0 9. Ne5 Bd7 10. Bf4 Be8 11. Nd3 Nbd7 12. Bxd6 Qxd6 13. Qb2 Bh5 14. Nf4 Qe7 15. Nxh5 Nxh5 16. e3 Kh8 17. Nd2 Nhf6 18. Rae1 g5 19. f4 Qg7 20. cxd5 cxd5 21. Nf3 Ne4 22. Nxg5 Nxg5 23. fxg5 Qxg5 24. Qf2 Nf6 25. Qf4 Qxf4 26. exf4 Ne4 27. Rc1 Rac8 28. Bxe4 dxe4 29. Kf2 Kg7 30. Ke3 Kf6 31. Rc4 Rxc4 32. bxc4 Rc8 33. c5 b6 34. Rc1 h5 35. h3 Rg8 36. Rg1 bxc5 37. dxc5 Rd8 38. Rc1 Rd3+ 39. Kf2 Ke7 40. c6 Kd8 41. c7+ Kc8 0-1

[Event "Novosibirsk op"]
[Site "Novosibirsk"]
[Date "2001.07.29"]
[Round "11"]
[White "Degterev, Alexander"]
[Black "Yakunin, Alexey"]
[Result "1/2-1/2"]
[WhiteElo "2328"]
[BlackElo "2353"]
[PlyCount "68"]
[EventDate "2001.07.18"]
[EventType "swiss"]
[EventRounds "11"]
[EventCountry "RUS"]
[SourceTitle "CBM 083 Extra"]
[Source "ChessBase"]
[SourceDate "2001.09.11"]
[SourceVersion "1"]
[SourceVersionDate "2001.09.11"]
[SourceQuality "1"]

1. d4 Nf6 2. c4 g6 3. Nc3 Bg7 4. e4 d6 5. f4 0-0 6. Nf3 c5 7. d5 e6 8. Be2 exd5 9. cxd5 Bg4 10. 0-0 Nbd7 11. Re1 Re8 12. h3 Bxf3 13. Bxf3 Rc8 14. Be3 b5 15. Nxb5 Nxe4 16. Bxe4 Rxe4 17. Nxd6 Rxe3 18. Rxe3 Bd4 19. Qf3 Rb8 20. Kh1 Nf6 21. Nc4 Bxe3 22. Qxe3 Qxd5 23. Qe5 Re8 24. Qxd5 Nxd5 25. f5 gxf5 26. Rd1 Nb6 27. Nxb6 axb6 28. Rd6 Re6 29. Rd8+ Kg7 30. Rb8 Kf6 31. Rb7 Rd6 32. Kg1 Ke5 33. Re7+ Kf6 34. Rb7 Ke5 1/2-1/2

[Event "Novosibirsk op"]
[Site "Novosibirsk"]
[Date "2001.07.27"]
[Round "9"]
[White "Degterev, Alexander"]
[Black "Tyulin, Alexander"]
[Result "1-0"]
[WhiteElo "2328"]
[BlackElo "2125"]
[PlyCount "80"]
[EventDate "2001.07.18"]
[EventType "swiss"]
[EventRounds "11"]
[EventCountry "RUS"]
[SourceTitle "CBM 083 Extra"]
[Source "ChessBase"]
[SourceDate "2001.09.11"]
[SourceVersion "1"]
[SourceVersionDate "2001.09.11"]
[SourceQuality "1"]

1. d4 e6 2. c4 d5 3. Nf3 Nf6 4. g3 c6 5. Qc2 Nbd7 6. Bg2 Bd6 7. 0-0 Ne4 8. b3 0-0 9. Ba3 Bxa3 10. Nxa3 Qe7 11. Qb2 Qb4 12. Nc2 Qc3 13. Qxc3 Nxc3 14. Rfe1 b6 15. Nd2 f5 16. Nb1 Ne4 17. f3 Nd6 18. Nd2 c5 19. cxd5 exd5 20. dxc5 Nxc5 21. b4 Na4 22. e4 dxe4 23. fxe4 Bb7 24. e5 Bxg2 25. exd6 Be4 26. Nxe4 fxe4 27. Rxe4 Rad8 28. Re6 Nc3 29. Nd4 Rf6 30. Rxf6 gxf6 31. Nf5 h5 32. Kg2 a6 33. a3 Nb5 34. Re1 Nxa3 35. Ra1 Nc4 36. Rxa6 Kf7 37. Ra7+ Ke6 38. Ng7+ Kxd6 39. Nxh5 Ne3+ 40. Kf3 Nd5 1-0

[Event "Novosibirsk op"]
[Site "Novosibirsk"]
[Date "2001.07.26"]
[Round "8"]
[White "Nam, Konstantin"]
[Black "Degterev, Alexander"]
[Result "1/2-1/2"]
[WhiteElo "2134"]
[BlackElo "2328"]
[PlyCount "47"]
[EventDate "2001.07.18"]
[EventType "swiss"]
[EventRounds "11"]
[EventCountry "RUS"]
[SourceTitle "CBM 083 Extra"]
[Source "ChessBase"]
[SourceDate "2001.09.11"]
[SourceVersion "1"]
[SourceVersionDate "2001.09.11"]
[SourceQuality "1"]

1. d4 e6 2. c4 f5 3. Nc3 Nf6 4. Nf3 d5 5. cxd5 exd5 6. Bg5 c6 7. a3 Be7 8. e3 0-0 9. Qc2 Ne4 10. Bxe7 Qxe7 11. Ne5 Nd7 12. Nxd7 Bxd7 13. g3 f4 14. Nxe4 fxe3 15. fxe3 Bf5 16. Bg2 Rae8 17. 0-0 Bxe4 18. Bxe4 Qxe4 19. Qxe4 Rxe4 20. Rxf8+ Kxf8 21. Kf2 Ke7 22. Ke2 Re6 23. Rf1 Rf6 24. Rf4 1/2-1/2